00553 2200217 4500001002100000005001500021035002500036090002000061245005600081260003200137300002300169007000300192040001200195082001400207084002000221100002600241650003600267850001200303041000800315990001200323YOGYA00000000001194120190228020609 a0010-081400000011659 a899.21213 Sim A aAmbuang Baro dan Puti Intan /cJasin Sutan Simarajo aJakarta :bDepdikbud,c1979 a157 hlm. :b21 cm.ta aYOPDYOG a899.21213 a899.21213 Sim A aSimarajo, Jasin Sutan aKesusastraan Minangkabau-Cerita aYOPDYOG aind a37031-a